000 00421nam a2200169Ia 4500
003 IT-RoPAU
005 20220918175417.0
008 120407s9999 xx 000 0 und d
040 _aIT-RoPAU
040 _cIT-RoPAU
100 _aGiuseppe D'Annunzio
_934375
245 _aI tre amori del vero cattolico. Il secondo amore Maria
260 _aPia Società San Paolo
300 _c cm
490 _v1
942 _cBK
_2ddc
999 _c9625
_d9625